000 00465nam a2200157Ia 4500
999 _c21371
_d21371
003 OSt
005 20200707142445.0
008 190216s9999||||xx |||||||||||||| ||und||
040 _coclc
082 _a951.04
_bSIN/H
100 _aSingh, Akshay Kumar
_93612
245 0 _aA History Of China In Modern Times /
_cAkshay Kumar Singh
260 _bSurjeet Pub,
_c1984.
_aDelhi:
300 _a150p
942 _cBK
_2ddc
_h951.04
_iSIN/H
_k951.04
_mSIN/H